000 00780cam a2200217 4500
001 WB3649-26
008 000000n2000 000 0 eng u
035 _a(Sirsi) u109958
245 _aOut of commission
260 _c2000
490 _aEstates Gazette
_v(0049) 9 December 2000, 117(1)
520 _aWith reference to the recent decision in "Lady Manor v Fat Cat Cafe Bars" (Central London County Court, WB3645-26) article discusses how an agent must prove a prior agreement of an introductory fee, in order to be entitled to payment for information.
590 _aWB
650 _aLADY MANOR LTD V FAT CAT CAFE BARS
650 _aCOMMISSION
650 _aESTATE AGENTS
650 _aAGREEMENTS
650 _aINTRODUCTORY FEES
690 _aPROPERTY
942 _n0
999 _c65590
_d65590